000 00175 a2200085 4500
041 _aspa
100 _aAnonimo
245 _aRevista del patrimonio nacional aò¨ xxl
942 _cBK
999 _c10015
_d10015